| 000 | 01100cam a22002295a 4500 | ||
|---|---|---|---|
| 001 | L149365 | ||
| 008 | 100224s2010 xxk 000 0 eng d | ||
| 035 | _a(Sirsi) u149365 | ||
| 041 | 0 | _aeng | |
| 100 | 1 | _aNorwood, Graham | |
| 245 | 0 | 0 |
_aEG _bResidential |
| 260 | _c2010 | ||
| 490 |
_aEstates Gazette _v(1005) 6 February 2010, 67-79(11) |
||
| 520 | _aCurrent trends in large-scale developments in London prior to the Red Book 2010; house prices in major cities across the UK and problems faced by housing developers in current economy; summary of residential markets in six UK city centres during the recession; would a change of government affect the ongoing controversy surrounding Home Information Packs (HIPs)? and potential growth opportunity for small-scale community land trusts and owner-built homes. | ||
| 590 | _aKA | ||
| 650 | 2 | 4 | _aHOME INFORMATION PACKS |
| 651 | 4 |
_aEngland and Wales _y1543- |
|
| 690 | _aPROPERTY-RESIDENTIAL PROPERTY-ACQUISITION AND DISPOSAL OF RESIDENTIAL PROPERTY-HOME BUYING REFORM | ||
| 700 | 1 | _aDonnell, Richard | |
| 700 | 1 | _aEvans, Nigel | |
| 942 | _n0 | ||
| 999 |
_c82160 _d82160 |
||